<?xml version="1.0" encoding="UTF-8"?>
<record
    xmlns:xsi="http://www.w3.org/2001/XMLSchema-instance"
    xsi:schemaLocation="http://www.loc.gov/MARC21/slim http://www.loc.gov/standards/marcxml/schema/MARC21slim.xsd"
    xmlns="http://www.loc.gov/MARC21/slim">

  <leader>01462nam a2200229 a 4500</leader>
  <controlfield tag="001">ASIN1937570185</controlfield>
  <controlfield tag="005">20170105102931.0</controlfield>
  <controlfield tag="008">140224s2012    xxu                 eng d</controlfield>
  <datafield tag="020" ind1=" " ind2=" ">
    <subfield code="a">1937570185 (paperback)</subfield>
    <subfield code="c">$18.00</subfield>
  </datafield>
  <datafield tag="020" ind1=" " ind2=" ">
    <subfield code="a">9781937570187 (paperback)</subfield>
  </datafield>
  <datafield tag="040" ind1=" " ind2=" ">
    <subfield code="a">0</subfield>
  </datafield>
  <datafield tag="082" ind1=" " ind2=" ">
    <subfield code="a">958.1</subfield>
    <subfield code="b">KAN 2013</subfield>
  </datafield>
  <datafield tag="100" ind1="1" ind2=" ">
    <subfield code="a">Kana, Pierre-Amal.</subfield>
  </datafield>
  <datafield tag="245" ind1="1" ind2="0">
    <subfield code="a">Afghanistan - le reve pashtoun et la voie de la paix /</subfield>
    <subfield code="c">Pierre-Amal Kana.</subfield>
  </datafield>
  <datafield tag="260" ind1=" " ind2=" ">
    <subfield code="a">[S.l.] :</subfield>
    <subfield code="b">Dignity Press,</subfield>
    <subfield code="c">2012.</subfield>
  </datafield>
  <datafield tag="300" ind1=" " ind2=" ">
    <subfield code="a">332 p. ;</subfield>
    <subfield code="c">22 cm.</subfield>
  </datafield>
  <datafield tag="490" ind1="1" ind2=" ">
    <subfield code="a">French edition.</subfield>
  </datafield>
  <datafield tag="520" ind1=" " ind2=" ">
    <subfield code="a">La strat&#xFFFD;gie des insurg&#xFFFD;s &#xFFFD;tait devenue claire. Elle consistait &#xFFFD; ass&#xFFFD;ner des coups meurtriers aux forces alli&#xFFFD;es l&#xFFFD; o&#xFFFD; elles s'y attendaient le moins, ensuite &#xFFFD; gagner du temps. Et l'&#xFFFD;vidence s'imposait. Les forces internationales ne pouvaient pas soumettre les montagnes rebelles. Que faire? Afghanistan - Le r&#xFFFD;ve pashtoun et la voie de la paix, une aventure palpitante au coeur de cette r&#xFFFD;gion myst&#xFFFD;rieuse de l'Asie Centrale, tente d'apporter la r&#xFFFD;ponse pour mettre fin &#xFFFD; la guerre. L'auteur : Diplom&#xFFFD; en droit, ancien journaliste et auteur d'ouvrages, sa longue exp&#xFFFD;rience des conflits de grande ampleur jusqu'&#xFFFD; l'&#xFFFD;preuve du g&#xFFFD;nocide rwandais l'a pouss&#xFFFD; &#xFFFD; s'impliquer dans la recherche sur le conflit afghan.</subfield>
  </datafield>
  <datafield tag="830" ind1=" " ind2="0">
    <subfield code="a">French edition.</subfield>
  </datafield>
  <datafield tag="856" ind1="4" ind2="0">
    <subfield code="3">Amazon.com</subfield>
    <subfield code="u">http://www.amazon.com/exec/obidos/ASIN/1937570185/chopaconline-20</subfield>
  </datafield>
  <datafield tag="942" ind1=" " ind2=" ">
    <subfield code="2">ddc</subfield>
    <subfield code="c">BK</subfield>
  </datafield>
  <datafield tag="999" ind1=" " ind2=" ">
    <subfield code="c">16042</subfield>
    <subfield code="d">16042</subfield>
  </datafield>
  <datafield tag="952" ind1=" " ind2=" ">
    <subfield code="0">0</subfield>
    <subfield code="1">0</subfield>
    <subfield code="4">0</subfield>
    <subfield code="7">0</subfield>
    <subfield code="8">NFIC</subfield>
    <subfield code="a">CIPS</subfield>
    <subfield code="b">CIPS</subfield>
    <subfield code="c">GEN</subfield>
    <subfield code="d">2013-10-25</subfield>
    <subfield code="l">0</subfield>
    <subfield code="o">958.1 KAN 2013</subfield>
    <subfield code="p">CIPSD0000011</subfield>
    <subfield code="r">2014-02-24</subfield>
    <subfield code="w">2014-02-24</subfield>
    <subfield code="y">BK</subfield>
  </datafield>
</record>
